Solid state physics
Guardat en:
| Autors principals: | , |
|---|---|
| Format: | Llibre |
| Idioma: | anglès |
| Publicat: |
Chichester
John Wiley and Sons
1991
|
| Edició: | 2a. ed |
| Matèries: | |
| Etiquetes: |
Afegir etiqueta
Sense etiquetes, Sigues el primer a etiquetar aquest registre!
|
MARC
| LEADER | 00000nam a2200000 a 4500 | ||
|---|---|---|---|
| 001 | UCH2773 | ||
| 003 | CL-VaPUC | ||
| 008 | 090624e19910000UK |||||||||||||||||eng|d | ||
| 020 | |a 0471928046 | ||
| 082 | 0 | 4 | |a 530.41 |b HOO |2 21 |
| 100 | 0 | |a Hook, John R |e author |9 537814 | |
| 700 | |a Hall, Henry Edgar |e author |9 537815 | ||
| 245 | 1 | 0 | |a Solid state physics |
| 250 | |a 2a. ed | ||
| 300 | |a 474 p | ||
| 942 | |c BK | ||
| 945 | |d 20090624 00:00:00 |a dcastane | ||
| 260 | |a Chichester |b John Wiley and Sons |c 1991 | ||
| 650 | 0 | |a Estados de la Materia |9 347141 | |
| 650 | 7 | |a MATERIA CONDENSADA |2 CL-VaPUC |9 537816 | |
| 650 | 0 | |a Física del estado solido |9 315365 | |
| 583 | |a last modification |c 20090624 00:00:00 |k Rodrigo Vera | ||
| 999 | |c 334472 |d 334470 | ||
| 952 | |0 0 |1 0 |4 0 |6 530_410000000000000_HOO_1991 |7 0 |8 A |9 423526 |a BIBCUR |b BIBCUR |d 2019-11-22 |i 4564839 |o 530.41 HOO 1991 |p 4564839 |r 2025-04-22 |w 2019-11-22 |y BK |k FIS | ||